00771nam a2200169 a 450000100100000000500170001000800410002704000250006824501590009326000720025230000330032470000400035770000480039770000340044595201050047999900170058400002720620200930030654.0110330s2005 dr 000 0 spa d aDO-SdBNPbspacBNPHU13aManeras de mirar :blecturas antropologícas de la fotografía /cCoodinadro Carmen Ortiz García, Cristina Sánchez Carretero, Antonio Cea Gutierrez. aMadrid :bConsejo Superior de Investigación Científicas,c2005. a281 p. ;c25 cm.bil.,retrs.1 aOrtiz García,Carmenecoor.9542711 aSánchez Carretero, Cristinaecoor.9542721 aCea Gutierrez, Antonio954273 0010718PDaGRbGRcCTd2011-03-30iLF1l0o p27206-10r2020-06-25w2020-06-25yLFPDZNo se presta c26698d26698